| 000 | 01663nam a2200433Ii 4500 | ||
|---|---|---|---|
| 001 | DIGSEXPIS0123 | ||
| 003 | NyNyDIG | ||
| 006 | m o d | ||
| 007 | cr ||||||||||| | ||
| 008 | 250103s2023 sp o 000 0 spa d | ||
| 035 | _a(OCoLC)1491107170 | ||
| 040 |
_aDGITA _beng _erda _epn _cDGITA |
||
| 020 |
_a9788419261427 _qeBook |
||
| 020 | _z9788419261359 | ||
| 041 | 1 |
_aspa _hita |
|
| 050 | 1 | 4 | _aHV6275 ebook |
| 100 | 1 |
_aDi Cesare, Donatella, _eauthor. |
|
| 240 | 1 | 0 |
_aComplotto al potere. _lSpanish _s(Amella) |
| 245 | 1 | 3 |
_aEl complot en el poder / _cDonatella di Cesare ; traducción de Francisco Amella Vela. |
| 250 | _aPrimera edición. | ||
| 264 | 1 |
_aMadrid, España : _bSexto Piso, _c2023. |
|
| 300 | _a1 online resource. | ||
| 336 |
_atext _btxt _2rdacontent |
||
| 337 |
_acomputer _bc _2rdamedia |
||
| 338 |
_aonline resource _bcr _2rdacarrier |
||
| 347 |
_atext file _2rdaft |
||
| 347 | _bEPUB | ||
| 588 | 0 | _aOnline resource; title from ePub title page (Digitalia, viewed January 3, 2025) | |
| 650 | 0 | _aConspiracy theories. | |
| 650 | 0 | _aPower (Social sciences) | |
| 700 | 1 |
_aAmella, Francisco, _etranslator. |
|
| 700 | 1 |
_iTranslation of: _aDi Cesare, Donatella. _tComplotto al potere. |
|
| 791 | 2 |
_aDigitalia (Firm), _edistributor. |
|
| 793 | 0 |
_gDigitalia eBook Collection: _aEditorial Sexto Piso |
|
| 776 | 0 | 8 |
_iPrint version: _aDi Cesare, Donatella. _sComplotto al potere. Spanish (Amella). _tcomplot en el poder. _bPrimera edición. _dMadrid, España : Sexto Piso, [2023] _z9788419261359 |
| 856 | 4 | 0 |
_3Digitalia Hispánica _uhttps://www.digitaliapublishing.com/a/134487/ |
| 910 | _aPremium collection: 2025 | ||
| 942 | _cRAA | ||
| 999 |
_c283103 _d283103 |
||